<?xml version="1.0" encoding="UTF-8"?><?xml-stylesheet type="text/xsl" href="static/style.xsl"?><OAI-PMH xmlns="http://www.openarchives.org/OAI/2.0/" xmlns:xsi="http://www.w3.org/2001/XMLSchema-instance" xsi:schemaLocation="http://www.openarchives.org/OAI/2.0/ http://www.openarchives.org/OAI/2.0/OAI-PMH.xsd"><responseDate>2026-04-13T07:11:23Z</responseDate><request verb="GetRecord" identifier="oai:www.recercat.cat:10256/27184" metadataPrefix="marc">https://recercat.cat/oai/request</request><GetRecord><record><header><identifier>oai:recercat.cat:10256/27184</identifier><datestamp>2025-09-06T06:31:54Z</datestamp><setSpec>com_2072_452955</setSpec><setSpec>com_2072_2054</setSpec><setSpec>col_2072_452961</setSpec></header><metadata><record xmlns="http://www.loc.gov/MARC21/slim" xmlns:dcterms="http://purl.org/dc/terms/" xmlns:xsi="http://www.w3.org/2001/XMLSchema-instance" xmlns:doc="http://www.lyncode.com/xoai" xsi:schemaLocation="http://www.loc.gov/MARC21/slim http://www.loc.gov/standards/marcxml/schema/MARC21slim.xsd">
   <leader>00925njm 22002777a 4500</leader>
   <datafield ind2=" " ind1=" " tag="042">
      <subfield code="a">dc</subfield>
   </datafield>
   <datafield ind2=" " ind1=" " tag="720">
      <subfield code="a">Vásquez Ortiz, Claudia Alejandra</subfield>
      <subfield code="e">author</subfield>
   </datafield>
   <datafield ind2=" " ind1=" " tag="720">
      <subfield code="a">Alsina, Àngel</subfield>
      <subfield code="e">author</subfield>
   </datafield>
   <datafield ind2=" " ind1=" " tag="260">
      <subfield code="c">2025-08-30</subfield>
   </datafield>
   <datafield ind2=" " ind1=" " tag="520">
      <subfield code="a">The aim of this article is to provide strategies, resources, and activities for teaching probability in early childhood education (ages 3-6). To this end, five key ideas are proposed to guide a progression of learning related to chance, possibility, and uncertainty. Based on the Mathematics Teaching Itineraries Approach, teaching sequences are designed to incorporate authentic contexts, highlighting the mediating role of the teacher. The proposed teaching itineraries are considered a valuable tool to strengthen the development of probabilistic reasoning in a progressive and meaningful way from an early age, while also offering a solid foundation for the development of future didactic proposals in this area</subfield>
   </datafield>
   <datafield ind2=" " ind1=" " tag="520">
      <subfield code="a">El objetivo de este artículo es aportar estrategias, recursos y actividades para la enseñanza de la probabilidad en educación infantil (3-6 años). Para ello, se proponen cinco ideas clave para guiar una progresión de aprendizajes en torno al azar, la posibilidad y la incertidumbre. A partir del Enfoque de los Itinerarios de Enseñanza de las Matemáticas (EIEM), se diseñan itinerarios que integran contextos auténticos, enfatizando el rol mediador del profesorado. Se concluye que los itinerarios de enseñanza planteados constituyen una herramienta valiosa para fortalecer el desarrollo del razonamiento probabilístico, progresivo y significativo desde las primeras edades, y al mismo tiempo ofrecen una base sólida para el desarrollo de futuras propuestas didácticas en este ámbito</subfield>
   </datafield>
   <datafield ind1="8" ind2=" " tag="024">
      <subfield code="a">http://hdl.handle.net/10256/27184</subfield>
   </datafield>
   <datafield tag="653" ind2=" " ind1=" ">
      <subfield code="a">Probabilitats -- Ensenyament -- Educació infantil (Primer cicle)</subfield>
   </datafield>
   <datafield tag="653" ind2=" " ind1=" ">
      <subfield code="a">Probabilities -- Study and teaching -- Education (Early childhood)</subfield>
   </datafield>
   <datafield ind2="0" ind1="0" tag="245">
      <subfield code="a">Probabilidad en Educación Infantil: un itinerario de enseñanza-aprendizaje fundamentado en el EIEM</subfield>
   </datafield>
</record></metadata></record></GetRecord></OAI-PMH>